[Event "Mar del Plata op 34th"]
[Site "Mar del Plata"]
[Date "2003.04.17"]
[Round "7"]
[White "Atalik, Suat"]
[Black "Slipak, Sergio"]
[Result "1-0"]
[WhiteElo "2568"]
[BlackElo "2502"]
[Annotator "Atalik,S"]
[PlyCount "83"]
[EventDate "2003.04.12"]
[EventType "swiss"]
[EventRounds "9"]
[EventCountry "ARG"]
[SourceTitle "EXT 2004"]
[Source "ChessBase"]
[SourceDate "2003.11.25"]
[SourceVersion "1"]
[SourceVersionDate "2003.11.25"]
[SourceQuality "1"]

1. d4 d5 2. c4 dxc4 3. e3 e6 4. Bxc4 a6 5. Nf3 c5 6. O-O Nf6 7. a4 {Back in
Rubinstein's line.Many different tries convinced me that this may be the most
dangerous for black.} Nc6 8. Qe2 cxd4 9. Rd1 Be7 10. exd4 (10. Nc3 $6 e5 11.
exd4 exd4 12. Nxd4 Nxd4 13. Qe5 $11 {is a stupid transposition to a toothless
line usually coming from Vienna Variation.}) 10... O-O 11. Nc3 Nd5 12. Bd2 $5 {
Jansa's move which became popular due to Geller using it in a critical game.}
b6 $5 {Actually this was condemned by theory,but I believe the verdict is not
right.} 13. Ne5 $1 {Following Geller-Tukmakov,Amsterdam 1974.This move is the
only one which can provide white some advantage.} Nxe5 {After some thought
Sergio came up with something new and good.} ({It is not that easy to figure
the things out after} 13... Nxd4 $6 14. Qd3 $1 ({My initial preferance was for
} 14. Qe4 $2 Bc5 15. b4 (15. Nxd5 Bb7 16. Nf6+ Qxf6 17. Qxb7 Qxe5 $17) 15... f5
$1 $17) 14... f6 $8 (14... Nb4 $2 15. Qe4) (14... Nf6 $6 15. Bf4 Nf5 16. Qf3
Qc7 $1 (16... Bd7 $2 17. Ne4 Nh4 18. Qe2 $18) 17. Qxa8 Bb7 18. Qa7 Ra8 19. Nxf7
Qc6 20. Qxb7 Qxb7 21. Bxe6 Kf8 22. Nd5 $16 {looks better for white.}) (14...
Nf5 $2 15. Nxd5 exd5 16. Bxd5 $18) 15. Qxd4 fxe5 16. Qxe5 $16) ({But what is
wrong with} 13... Nxc3 $142 14. Bxc3 Nxe5 15. Qxe5 (15. dxe5 Qc7 16. Rac1 (16.
Rd4 Bb7 17. Bd3 Rfd8 (17... g6 $5 $11) 18. Rxd8+ Qxd8 19. Rd1 Qc7 20. Qh5 g6
21. Qg4 Rd8 $11) (16. Bd3 Bb7 17. Rac1 Qc6 18. Qg4 Rfd8 $11 19. a5 $11) 16...
Bb7 17. Bd4 Qc6 $11) 15... Bd6 (15... Bb7 16. d5 Bf6 17. dxe6 Bxe5 18. exf7+
Rxf7 19. Rxd8+ Rxd8 20. Bxf7+ Kxf7 21. Bxe5 $14) 16. Qh5 $14 (16. Qe4 Ra7 17.
d5 e5)) (13... Ncb4 $2 14. Nxd5 exd5 15. Bxb4 Bxb4 16. Nc6 Qd6 17. Bxd5 Bb7 18.
Nxb4 Bxd5 19. Nxd5 Qxd5 20. Rac1 Rfe8 21. Qc4 $1 $16 {Geller-Tukmakov,
Amsterdam 1974.}) 14. dxe5 Bb7 $6 (14... Nxc3 15. Bxc3 Qc7 $11 {is more or
less equal like it was mentioned before.}) 15. Qg4 {In order to prevent the
exchange on c3.} (15. Nxd5 Bxd5 (15... exd5 16. Bd3 $14) 16. Bxd5 (16. Bxa6 Bb3
) 16... Qxd5 17. Bb4 Qb7 18. Bd6 $14 {I doubt if white has anything in
particular.}) 15... Qc7 {I was also considering the text as the most accurate
response to my play but white gets some advantage also after this.} (15... Nxc3
$4 16. Bh6) (15... Re8 16. Nxd5 $1 (16. Bh6 g6 17. Ne4 Qc7 18. Bxd5 exd5 19.
Nf6+ Bxf6 20. exf6 Re4 $132) 16... Bxd5 (16... exd5 17. Bc3 $14) 17. Bc3 $14)
16. Bxd5 $1 {Forcing the exchanges in an advantageous way.} (16. Bh6 $2 Qxe5
17. Bxd5 Bxd5 18. Nxd5 exd5 19. Rxd5 Qxb2) 16... Bxd5 $8 {Black has to remove
Bb7 from its "en prise" situation.} (16... exd5 $2 17. Bh6 Qxe5 18. Re1 Qf6 19.
Rxe7 Bc8 20. Qxg7+ Qxg7 21. Bxg7 Kxg7 22. Nxd5 $16) 17. Nxd5 exd5 18. Bc3 (18.
Rac1 $6 Qxe5 19. Re1 (19. Bc3 Qg5) 19... Qd6 (19... Qf6 20. Bc3 Qh6) 20. Bf4
Qb4 $1 $17 (20... Qf6 21. Be5 Qg6 22. Qxg6 hxg6 23. Bxg7 Kxg7 24. Rxe7 Rfe8 $11
)) 18... Rfd8 19. Rd3 (19. e6 f6 $1 $132 {I did not like this much.}) 19... Bf8
(19... Qc4 20. Rd4 Qc6 21. Rad1 Rd7 (21... Bc5 22. R4d3) 22. a5 $16) 20. e6 $1
{I did not let him with Qc6-e6.} Qe7 $8 {Sergio did not lose his cool.} 21. Re1
Rd6 $1 22. exf7+ (22. Bb4 $4 Rxe6 $1) 22... Qxf7 $14 {White is only slightly
better after this.} 23. Qd1 $1 {I am proud of this move.The idea is to swing
the queen to b3 in some lines.} Rad8 24. Rf3 Qd7 (24... Qg6 25. Qb3 Re6 26. Rd1
$14) 25. g3 $138 {The thing I was worried most about was the time around here.}
Re6 (25... Qh3 $2 26. Bb4 Rh6 27. Qxd5+) (25... Rh6 26. h4 d4 27. Qb3+ Kh8 28.
Bd2 Rc6 29. Rf7 $40) 26. Rxe6 Qxe6 27. Qd4 Rd7 ({I was expecting more} 27...
Qg6 28. Qe5 $16) 28. Re3 Qg6 29. Qe5 $1 {Down to my last minutes I came up
with the text.} h6 (29... Qf7 30. Bd4 Re7 31. Qb8) 30. Rf3 $1 $14 {White has
considerable pressure.} Bc5 $1 {Played with the wrong idea behind.} (30... Qd6
$2 31. Qe8 Rd8 32. Qf7+ Kh7 33. Rf6 $18 {wins some pawns.}) (30... Qe4 $2 31.
Qxe4 dxe4 32. Rf4 $1 $18 (32. Rf5 Rd1+ 33. Kg2 Bd6) (32. Re3 Re7)) 31. b4 Qe4
$2 {Black miscalulates under pressure.} (31... Be7 32. Qe2 $1 $14 {and white
probes blacks weaknesses.} (32. Qb8+ $2 Kh7 33. Qc8 Rd8 34. Qxa6 d4 35. Bd2
Bxb4 36. Bxb4 Qb1+ 37. Kg2 Qxb4 38. Qd3+ Kh8)) 32. bxc5 $1 $18 {Simple and
effective!} Qxf3 33. Qe8+ Kh7 34. Qxd7 Qxc3 35. Qf5+ {A practical decision.} ({
I could not calculate} 35. c6 Qe1+ 36. Kg2 Qe4+ 37. Kh3 Qd3 38. c7 Qf1+ 39. Kh4
(39. Kg4 Qc4+ 40. Kh5 (40. f4 Qe2+ 41. Kh4 Qxh2+ 42. Qh3 g5+ 43. fxg5 hxg5+ 44.
Kg4+ $18) 40... Qe2+ 41. Kh4) 39... Qxf2 40. c8=Q Qf6+ 41. Kh3 Qf1+ 42. Kg4
Qe2+ 43. Kh4 Qxh2+ 44. Qh3 $18) 35... Kh8 36. cxb6 Qc1+ (36... d4 37. Qe6 $18 (
37. Qf8+ Kh7 38. b7 Qc1+ (38... Qe1+ 39. Kg2 Qe4+ 40. Qf3 Qe5 41. Qb3 Qb8 42.
Qc2+ g6 43. Qc8 $18) 39. Kg2 Qc6+ 40. Qf3 $18) (37. b7 Qc1+ 38. Kg2 Qc6+ 39.
Qf3 Qe8 40. Kf1 $18)) (36... Qc6 37. Qf8+ Kh7 38. Qb4 Qb7 39. Qd6 $18) 37. Kg2
Qc6 38. a5 $1 {Do not hurry!} Kg8 39. h4 {Another exact move.} d4+ (39... Qb7
40. Qf4 Qe7 41. Qb8+ Kh7 42. Qc8 Qe4+ 43. Kh2 Qf3 44. Qc2+ $18) 40. Qf3 Qb5 41.
Qa8+ Kf7 42. b7 $1 {and white will shut one of his queens on g2.} (42. b7 $1
Qc6+ 43. Kh2 Qf3 44. b8=Q Qxf2+ 45. Qg2) 1-0

[Event "Groningen op"]
[Site "Groningen"]
[Date "1995.??.??"]
[Round "?"]
[White "Avrukh, Boris"]
[Black "Baburin, Alexander"]
[Result "0-1"]
[WhiteElo "2430"]
[BlackElo "2495"]
[Annotator "Avrukh,B"]
[PlyCount "90"]
[EventDate "1995.12.??"]
[EventType "swiss"]
[EventRounds "11"]
[EventCountry "NED"]
[SourceTitle "CBM 050 Extra"]
[Source "ChessBase"]
[SourceDate "1996.03.01"]
[SourceVersion "1"]
[SourceVersionDate "1996.03.01"]
[SourceQuality "1"]

1. d4 {Tyomkin,D} d5 2. c4 dxc4 3. e3 e6 4. Bxc4 c5 5. Nf3 Nf6 6. O-O a6 7. e4
b5 (7... Nxe4 8. Qe2 (8. Re1 {get equal position after 8..Nf6 9.d5=}) 8... Nf6
(8... Nd6 9. dxc5 $14) 9. d5 Nxd5 (9... b5 10. dxe6 bxc4 11. Rd1 Qb6 12. exf7+
Kxf7 13. Ng5+ Kg6 14. Rd5 $3 {corr. game in inf64}) (9... Nxd5 {theoretical
line, that Boris knew} 10. Rd1 Be7 11. Nc3 $44 O-O $140 12. Bxd5 exd5 13. Nxd5
{and the black queen in troubles}) 10. Rd1 Qe7 $1 {Boris was well prepared for
Baburin in this variation,but during the game he found this strange move, and
didn't know how to get some initiative for two powns,later we didn't find this
move anywere,possible it's strong novelty!} 11. Bg5 {for example} f6 12. Bxd5
exd5 13. Qd2 Be6 (13... Qf7) (13... Qd8) 14. Re1 Nc6 15. Nc3 O-O-O {looks like
no compesation for white,but...} 16. Bf4 $1 {/\Na4 (but Boris hoped that
Baburin coul'd find it)}) 8. Bd3 Bb7 (8... cxd4 9. a4 $5 $14) 9. e5 (9. Bg5
cxd4 10. Nxd4 Nbd7 11. Nc3 Ne5 12. Ncxb5 (12. Be2 $15) 12... Nxd3 13. Qxd3 axb5
14. Rfd1 Be7 15. Qxb5+ Qd7 16. Qb3 Bxe4 17. Nf5 Bd5 18. Nxg7+ Kf8 19. Qh3 h5
20. Qg3 Kxg7 21. Bxf6+ Kxf6 22. Rd4 Bd6 23. Qc3 Kg6 {Kasparov-Gulko, USSR 1982
0-1}) 9... Nd5 (9... Nfd7 10. Ng5 $5 cxd4 (10... Nc6 11. d5 $1 Ncxe5 12. dxe6
fxe6 13. Nxe6 Qb6 14. Bf5 $16) (10... Qb6 11. Qg4 {/\Qf4} (11. Nxh7 Rxh7 12.
Bxh7 g6 $17) 11... cxd4 12. Qf4 $40) 11. Nxf7 $1 Kxf7 12. Qh5+ Ke7 13. Bg5+ Nf6
14. exf6+ gxf6 15. Bxf6+ Kxf6 16. Qh4+) 10. Bg5 Qb6 11. dxc5 (11. Nc3 $5) 11...
Bxc5 12. Nc3 (12. Nbd2 h6 13. Bh4 {like the game}) 12... h6 13. Bh4 {><d8} Nd7
(13... Nxc3 14. bxc3 O-O 15. a4 (15. Bc2 Bd5 16. Qd3 g6 17. Bf6 Nd7 18. Qd2 Kh7
{and black keeps defence}) (15. Bb1 Bd5 16. Qc2 g6 17. Bf6 Nd7 18. Nh4 Nxf6 19.
exf6 Ra7 20. Nxg6 fxg6 21. Qxg6+ Kh8 22. Qxh6+ $10) 15... Nd7 16. Qe2 $14) 14.
a4 b4 $6 {><c4 Boris was really surprised this move during the game} (14... O-O
$142 $5 {natural move.in this line very defficult to get advantage for white}
15. axb5 (15. Ne4 bxa4 16. Qxa4 Bc6 $10) (15. Bg3 $1 {/+/=(only chance to get
anything)}) 15... axb5 $1 (15... Nxc3 16. bxc3 axb5 17. Qe2 $14 Bxf3 $140 18.
gxf3) 16. Rxa8 Rxa8 17. Nxb5 (17. Ne4 Bf8 18. Bg3 $10) 17... Nf4 (17... Bc6 $1)
18. Bc4 Nxg2 $2 19. Kxg2 (19. Bg3 $1) 19... Nxe5 20. Be2 Nxf3 21. Bxf3 Qxb5 $19
) 15. Ne4 Rc8 (15... O-O $142) 16. Bg3 O-O 17. Nfd2 $2 {Boris missed secrifice
exchange on 18th move} (17. Nd6 Bxd6 18. exd6 Nc5 $132) (17. Qe2 $142 $1 Be7
18. Nfd2 Qd4 19. Nb3 Qb6 20. a5 Qa7 21. Kh1 $5 {/\Rae1 and f4+/=} Nc5 22. Nbxc5
Bxc5 23. Qg4 $40 Kh8 24. Ng5 $5) 17... Bd4 $1 18. Nd6 (18. Nc4 Rxc4 19. Bxc4
Bxb2 (19... Nxe5 {also very strong} 20. Bxe5 Bxe5 21. Qb3 Rc8 22. Rac1 Nf4 23.
Rfe1 Qd4 $19) 20. Rb1 Bxe5 $17) 18... Nxe5 19. Bxe5 (19. Nxc8 Rxc8 20. Bxe5
Bxe5 21. Nc4 Rxc4 $1 22. Bxc4 Bxb2 23. Bxd5 Bxd5 24. Rb1 Bf6 {White has two
exchanges up,but black simply puts his pown on "b3",and has good chances to
win.}) 19... Bxe5 20. N2c4 (20. Nxc8 Rxc8 21. Nc4 Rxc4 {see-18.Nc4}) 20... Qc7
$1 (20... Rxc4 21. Nxc4 Qc7 $13 {for instance:} 22. Nxe5 Qxe5 23. Qe2 Qg5 24.
Be4) 21. Nxc8 (21. Nxb7 {lose immiditly after:} Bxh2+ 22. Kh1 Qxb7 23. Kxh2 Nf4
$1 {best way(/\Rfd8)}) 21... Bxh2+ 22. Kh1 Rxc8 23. Qh5 (23. Re1 Bf4 (23... Nf4
$6 24. Be4 $1) 24. Qe2 Bg5 (24... Nf6 $142 $1 {with control on light squares})
25. Qe4 Nf6 26. Qe5 Qc6 27. Bf1 {white has playble position}) 23... Nf4 $5 (
23... Bf4 {simply achives advantage}) 24. Qxh2 $1 Bxg2+ 25. Kg1 Bd5 $4 $138 {
missing answer of white in two sides time-trouble} (25... Nxd3 26. Qxc7 Rxc7
27. Kxg2 Rxc4 28. Rfd1 {white has conterplay on open files} Nxb2 $140 (28...
Nf4+ 29. Kf3 Nd5 30. Rac1 Rf4+ 31. Kg3 $132) (28... Rd4 $5 29. Kf3 e5 30. Ke3
Nc5 31. b3 $13) 29. Rd2 $18) (25... Bb7 $1 {was leading to clear advantage}) (
25... Bf3 26. Nd2 $1) 26. Nb6 $1 (26. Ne3 $2 Nxd3 $17) 26... Rd8 27. Rfe1 $4
$138 (27. a5 Bf3 28. Bxa6 Qe5 29. Rfe1 Qg5+ 30. Qg3 Qh5 31. Qh2 Nh3+ 32. Kf1
Rd2 $40) (27. Rfc1 {was simply winning for white} Qe5 28. Nxd5 exd5 29. Bf1 $18
) (27. Nxd5 {also wins} Rxd5 28. Rfc1 Rg5+ 29. Kf1 $18) 27... Bb7 28. Be4 Rd4
$1 29. Na8 $1 $8 {keeps rook up} (29. Rac1 $140 Ne2+) (29. Bxb7 Qxb7 30. a5 {
doesn't help,because:} Qf3 31. Re3 Rd1+ 32. Re1 Nh3+ 33. Kf1 Rd2 $19) 29... Qb8
30. Bxb7 Qxb7 31. Rad1 (31. Qh1 $2 Ne2+) 31... Rxd1 32. Rxd1 g5 33. Rd8+ (33.
Qh1 Ne2+ 34. Kh2 Qb8+ 35. Kh3 Qf4 $19) 33... Kg7 34. Qh1 {now "b8" protected}
Qe7 35. Rc8 $2 $138 {><c5} (35. Rd1 Qf6 36. Qf3 (36. Nc7 Ne2+ $44) 36... Qxb2
$44) (35. Rd2 Qc5 $36 36. Qf3 (36. Kh2 $5) 36... Qc1+ 37. Rd1 Qxb2 $44) 35...
Qf6 (35... Qd7 $1 36. Nb6 (36. Rc1 Ne2+ $19) 36... Qd1+ $19) 36. Nc7 Qxb2 $2
$138 (36... Ne2+ $142 $10 37. Kg2 Qf5 38. Ne8+ Kg6 39. Qd1 Nf4+ 40. Kg1 Nh3+
41. Kg2 Nf4+ $10 (41... Qxf2+ 42. Kxh3 f5 43. Nf6 $1)) 37. Qf3 $2 $19 (37. Qe4
$1 {><e5}) 37... Qa1+ 38. Kh2 Qe5 39. Ne8+ Kg6 40. Qg3 (40. Kg1 b3 $19) (40.
Rc4 b3 $19) 40... b3 $4 $138 (40... h5 $1 $19) 41. Qxb3 $4 {in two-sides
time-trouble Boris didn't calculate how many moves he made,and made extra move
that was his desicive mistake!} (41. Qc3 $142 $1 {possibly wins,according our
long analises.There some lines here:} Qe2 42. Qg7+ (42. Qf6+ $2 Kh5 43. Qxf7+
Kg4 44. Nf6+ Kh4 $19) 42... Kf5 (42... Kh5 43. Nf6+) 43. Qh7+ (43. Qxf7+ Kg4)
43... Ke5 (43... Kg4 44. Nf6+ Kf3 45. Ne4 $2 (45. Rc3+ $1 Kxf2 46. Qb1 $1 $18)
45... f5 $1 46. Rc3+ Nd3 (46... Kxe4 47. Re3+ $18) 47. Qb7 (47. Qxh6 fxe4 48.
Qf6+ $10) 47... fxe4 48. Qf7+ Kg4 49. Qxe6+ Kf4 50. Qf6+ $10) 44. Qh8+ $3 {
the idea to move the queen to the queenside(see 47move)} (44. Kg3 Nh5+ 45. Kg2
Nf4+ $10) 44... Kf5 (44... Ke4 45. Rc4+ $1 (45. Nd6+ Kd5 $1) 45... Kf3 46. Qd4
$16) 45. Rc5+ (45. Nd6+ Kg4) 45... Kg4 46. Nf6+ Kf3 47. Rc3+ (47. Qa8+ $3 {
see 44move of White} Nd5 $1 48. Rc3+ Kxf2 49. Rg3 Ke1+ (49... Kf1+ 50. Kh1 b2
51. Qa7 $1 Ne3 52. Ng4 $1 $18) 50. Kh1 b2 51. Qb8 Nf4 (51... Nxf6 $2 52. Qb4+
Kd1 53. Qb3+ Ke1 54. Qc3+ $18) 52. Rg1+ Kf2 53. Qb6+ $18) 47... Kxf2 48. Rg3 $5
b2 49. Qh7 (49. Qb8 $2 Kf1+ 50. Kh1 Nh3 $1 $19) 49... Ke1+ 50. Kh1 Nd3 51. Ne4
(51. Rg1+ Kd2 52. Ne4+ Qxe4+ 53. Qxe4 Nf2+) 51... Qh5+ 52. Kg1 b1=Q 53. Re3+
Qe2 $1 $19) 41... Nd3+ $1 $19 42. Kg2 Qe4+ 43. Kg1 Qe1+ 44. Kh2 Qxf2+ 45. Kh1
Qh4+ 0-1

[Event "EU-Cup 19th"]
[Site "Rethymno"]
[Date "2003.10.03"]
[Round "6.3"]
[White "Avrukh, Boris"]
[Black "Rublevsky, Sergei"]
[Result "1-0"]
[WhiteElo "2557"]
[BlackElo "2672"]
[Annotator "Avrukh,B"]
[PlyCount "65"]
[EventDate "2003.09.28"]
[EventType "team-swiss"]
[EventRounds "7"]
[EventCountry "GRE"]
[SourceTitle "CBM 098"]
[Source "ChessBase"]
[SourceDate "2004.02.03"]
[SourceVersion "1"]
[SourceVersionDate "2004.02.03"]
[SourceQuality "1"]
[WhiteTeam "Beer Sheva"]
[BlackTeam "Kazan Ladya"]
[WhiteTeamCountry "ISR"]
[BlackTeamCountry "RUS"]

1. d4 d5 2. c4 dxc4 3. e3 e6 4. Bxc4 c5 5. Nf3 a6 6. O-O Nf6 7. Bd3 Nbd7 8. Re1
b5 9. a4 ({Another line is-} 9. e4 cxd4 10. e5 Nd5) 9... bxa4 10. e4 cxd4 11.
e5 Nd5 12. Rxa4 Bb4 $1 (12... Nc5 $143 13. Rxd4 Nxd3 14. Qxd3 $32) 13. Bd2 Bxd2
14. Nbxd2 Nc5 15. Rxd4 Nxd3 16. Rxd3 O-O 17. Nc4 (17. Ne4 $143 Rb8 18. Rd2 Rb4
19. Nd6 Bd7 $11 {1/2-1/2 Siegel,G-Karpatchev,A/Germany 2000/CBM 75 ext (24)})
17... a5 (17... Rb8 18. Qd2 Qe7 19. Nd6 Bb7 20. Nd4 Ba8 21. Rg3 $16 {1-0
Shariyazdanov,A-Feletar,D/Pula 2000/CBM 78 ext (74)}) (17... Bd7 18. Ra3 (18.
Nd6 $5) 18... Qc7 19. Nd6 h6 20. Qd2 Qb6 21. Nd4 Qb4 22. Qxb4 Nxb4 $14 {
1/2-1/2 Zhukova,N-Danielian,E/Plovdiv BUL 2003/The Week in Chess 467 (59)}) 18.
Ra3 (18. Nd6 Ba6 19. Rd2 Rb8 {[%cal Yb8b2]} 20. Nd4 {[%cal Gd4c6]} Qg5 $132 {
[%cal Gd5f4,Gb8b4]}) 18... Ba6 (18... Qc7 $5 {Huzman}) 19. Nd6 $1 {[%mdl 8] A
clear improvement.I arrived at this position only 30 minutes of preparation
time left.I felt,that white has slightly better chances,due to his strong
knight on d6.i checked some lines and told myself,that i would go for it .} (
19. Nxa5 Nb4 $1 20. Qxd8 (20. Qa4 $5 Nd3 21. Rea1 $1 Qb6 (21... Nxb2 22. Qc2
Nd3 23. Nc6 Qb6 24. Ne7+ Kh8 25. Qxd3 Bxd3 26. Rxa8 Rd8 (26... Rb8 27. Nc6 $18)
27. Ng5 $1 Bg6 28. Nxg6+ Kg8 29. Ne7+ Kf8 30. Nc6 $18) 22. Qd4 (22. Qh4 Rac8
23. b3 Rc2 24. Qd4 Qb8 25. Nc4 Bxc4 26. bxc4 Nxf2 $13) 22... Qxd4 23. Nxd4 Nxe5
24. b4 Bc8 $11) 20... Rfxd8 $44 {[%cal Yb4d3] 1/2-1/2 Shariyazdanov,
A-Rublevsky,S/Ekaterinburg 2002/CBM 90/[Huzman] (32)}) 19... Rb8 ({Another
opportunity:} 19... f6 {[%csl Gd6]} 20. Qd4 Rb8 {but white is slightly better
after} 21. b3 $14 {[%csl Ga5][%cal Gd4g4]}) 20. Qd2 ({Nothing promise} 20. Qa1
Nb4 {[%cal Gb4c2]} 21. Rc1 $8 Nd3 22. Rd1 (22. Rc6 Rb6 $1) 22... Nxb2 23. Rd2
Qb6 24. Rxa5 Nc4 $1 $11) 20... Rb4 21. Ng5 $1 {Very important attacking
resource} (21. Rea1 $143 Qb8 22. R1a2 (22. Rxa5 Rxb2 23. Qe1 Bd3 $11) 22... Bc4
$1 23. Nxc4 Rxc4 24. Rxa5 Rfc8 $132 25. h3 Rc2 $11) 21... h6 $2 ({Much
stronger was:} 21... Qb6 $142 {during the game i intended to continue:} 22. Qc2
g6 23. b3 (23. Rb1 $143 Qd4 $1 {[%csl Ge5]} 24. Nf3 Qb6 $11) {but black has a
very unexpected idea} 23... f6 $1 (23... Nf4 24. Nge4 $1 Bd3 25. Nf6+ Kg7 26.
Qd2 $1 $16) 24. exf6 (24. Nxe6 fxe5 25. Nxf8 (25. Qc5 Nf4 (25... Rf6 $5) 26.
Qxb6 (26. Qxe5 $140 Nh3+ $1 27. gxh3 Qxf2+ 28. Kh1 Qf3+ $11) 26... Rxb6 27.
Nxf8 Rxd6 28. Rxa5 Kxf8 29. Raxe5 Ne2+ 30. Kh1 Rd2 {and black should make a
draw}) 25... Qxd6 26. Rxa5 Bb7 $1 {and black is not worse}) 24... Qxd6 25. Rxe6
Qf4 $8 26. f7+ $1 Kg7 27. Rxg6+ $1 (27. Nh3 $143 Bd3 $3 28. Nxf4 Bxc2 29. Nxd5
Rxb3 $15) 27... hxg6 28. Ne6+ Kxf7 29. Nxf4 Nxf4 30. h3 $14 {white is slightly
better,but in my opinion with accurate play black should hold the position.} (
30. Rxa5 Rc8 31. Rc5 Rxc5 32. Qxc5 Rxb3 $11)) 22. Nge4 Qb6 23. Rg3 Kh8 $2 {
This is already a decisive mistake} (23... Kh7 $142 24. Qc2 $1 {[%csl Gh7]} (
24. b3 Rd4) (24. Ng5+ $143 Kg8 $1) 24... Kh8 (24... Kg8 25. Qc1 {[%cal Gc1h6]}
Kh8 26. Nc5 $16 {[%cal Gc5d7]}) 25. b3 Qa7 (25... Nf4 $6 26. Rf3 $1) 26. Rh3
Qe7 27. Ra1 $16) 24. Nf6 $3 $18 {A very nice tactical blow and at the same
time a decisive one.Not very often you have an opportunity to produce such a
beutiful move against top level quys. Right now white is threatening mate in 3
:25Qh6!-gh 26Nf7 and 28 Rg8 mate} Nf4 (24... Nxf6 25. exf6 g5 26. Rh3 $18) (
24... Qa7 25. Nfe8 $1 {[%csl Rg7,Rh6]} (25. Nxd5 exd5 26. Nf5 Qb6 $1 $132 {
[%cal Gb4b2]}) (25. Nxd5 $5 exd5 26. Qxd5 Rxb2 27. Rf3 {also wins}) 25... Qd4 (
25... Rd4 26. Qxa5) 26. Qxd4 Rxd4 27. Rxg7 Rf4 28. g3 $18) (24... Rxb2 25.
Qxh6+ gxh6 26. Nxf7+ Rxf7 27. Rg8#) 25. Nd7 $1 {[%csl Gb6,Gf8]} Rd4 26. Qxf4 $1
{Now white simply remains piece up and the rest is very simple.} (26. Qc3 $143
$2 Ne2+ $1) 26... Rxf4 27. Nxb6 Rb8 28. Nd7 Rxb2 29. Nc5 {[%csl Ga6]} Bb5 30.
Rf3 Rfb4 31. h3 Bc6 32. Rxf7 a4 33. Nd3 {[%csl Gb2,Gb4]} 1-0